[Event "GER-chT Youth Countries 2018"]
[Site "Wurzburg"]
[Date "2018.10.03"]
[Round "2"]
[White "Sieber, Fiona"]
[Black "Parvanyan, Ashot"]
[Result "1-0"]
[WhiteElo "2277"]
[BlackElo "2428"]
[Annotator "TA"]
[PlyCount "123"]
[EventDate "2018.10.02"]
[EventType "team-tourn"]
[EventCountry "GER"]
[SourceTitle "playchess.com"]
[Source "ChessBase"]
[SourceQuality "1"]

{[%evp 10,123,31,-20,-29,-22,-23,-39,33,-14,0,-18,8,10,8,6,10,8,4,0,12,12,17,15,15,13,18,0,0,-4,18,16,45,41,37,41,44,45,56,60,61,56,75,52,87,7,7,7,7,-47,-38,-60,-54,-123,-113,-72,0,-226,-226,-204,-194,-271,-66,-66,-60,-40,27,8,220,200,232,216,269,244,299,293,475,496,643,608,1532,1320,1204,1214,833,6,4,0,0,0,0,0,0,0,0,0,0,0,0,0,0,0,0,0,0,0,0,0,0,0,0,0,0,0,29989,29990]} 1. e4 e6 2. d4 d5 3. Nd2 c5 4. Ngf3 Nc6 5. exd5 exd5 6. Bd3 {LiveBook: 3 Partien. C09: Französische Verteidigung (Tarrasch-Variante)} (6. Bb5 $14) (6. Bb5 cxd4 7. Nxd4 Bd7 8. N2f3 Nf6 9. O-O Be7 10. Re1 O-O 11. Bg5 Re8 12. Bxc6 bxc6 13. Ne5 Qc7 14. Qf3 Bd8 15. Qf4 c5 16. Nxd7 Qxd7 {½-½ (40) Rublevsky,S (2665)-Zvjaginsev,V (2625) Sochi 2018}) 6... c4 $11 7. Be2 Bd6 8. b3 $146 {Schwarz hat minimalen Vorteil.} ({Vorgänger:} 8. Nf1 Nge7 9. Bg5 f6 10. Bh4 Qb6 11. Ne3 Qb4+ 12. Nd2 Qxb2 13. Bh5+ Kf8 {½-½ (61) Gallart Zafra,J (2217)-Hernando Rodrigo,J (2336) Barcelona 2012}) 8... b5 (8... c3 $15 9. Nb1 Qa5) 9. c3 (9. O-O $5 {[%cal Ra2a4]}) 9... Rb8 10. O-O (10. bxc4 bxc4 11. Nf1 Nf6 $17) 10... Nge7 11. a4 a6 12. Ba3 O-O 13. Bxd6 Qxd6 14. Re1 Ng6 15. Bf1 Bf5 16. g3 h6 17. axb5 axb5 18. Ra6 {[%cal Rb3c4]} Qc7 19. Qa1 Rfd8 20. b4 Re8 21. Rxe8+ Rxe8 22. Bg2 Nge7 23. Nf1 Nc8 24. Nh4 Be4 25. Bxe4 Rxe4 26. Ne3 Nb6 27. Rxb6 ({Besser ist} 27. Nhg2 $16) 27... Qxb6 28. Qa8+ Nd8 29. Nxd5 (29. Qxd5 $11 Re8 30. Nhf5) 29... Re1+ $15 30. Kg2 Qc6 31. Qxd8+ (31. Qxc6 $15 Nxc6 32. Nf5) 31... Re8 $17 32. Nf3 Kf8 (32... Rxd8 $2 {verliert.} 33. Ne7+ Kf8 34. Nxc6 $18) (32... Qe6 $17 33. Ne7+ Qxe7) 33. Ne7 $2 (33. Qc7 $11 {und Weiss steht sicher.} Qxd5 34. Qc5+ Qxc5 35. dxc5) 33... Qxf3+ $1 $19 (33... Rxd8 $2 {geht unter.} 34. Nxc6 Rd5 35. Nd2 $18) 34. Kxf3 Rxd8 {[%mdl 4096] Endspiel KT-KS} 35. Nc6 (35. Nf5 $142) 35... Rd6 $2 (35... Ra8 $1 $19 36. Na5 Ke7) 36. Na7 $15 Rb6 37. Ke4 Rb7 (37... Ke8 $15) 38. Nc6 $11 Ke8 $2 {[#]} (38... Rb6 $1 $11 {und Schwarz muss sich keine Sorgen machen.} 39. Kd5 Ra6) 39. Kd5 $1 $18 {[%mdl 1024] Weiss hat starke Kompensation.} Kd7 {[#]} 40. Kc5 $1 f6 41. d5 {[%cal Bd4d5,Bd5d6][%mdl 32]} h5 42. f4 g6 $2 (42... Kc8 {ist wohl besser.} 43. Nd4 Ra7 44. Kxb5 Ra2) 43. h4 Ke8 44. Nd4 Re7 45. d6 Re4 46. Kd5 f5 47. Nxb5 $2 ({Günstiger ist} 47. Ne6 $18 {zielt auf Kc6 ab.} Re3 48. Kc6 Rxe6 49. Kc7) 47... Kd7 $11 48. Na3 Re3 49. Nxc4 Rd3+ 50. Kc5 {jetzt Se5+ und aus.} Rxc3 51. b5 {Und b6 würde nun gewinnen.} Rxg3 52. Ne5+ Ke6 $1 53. d7 Ke7 54. b6 {Beabsichtigt b7 und Matt.} Rc3+ 55. Kd5 Rb3 56. Kc6 {Weiss will mit Kc7 Matt setzen.} Rc3+ $1 57. Kb5 {Und weiter mit b7 wäre nett.} Rb3+ $1 58. Ka6 Ra3+ 59. Kb7 Rc3 $1 60. Ka7 {Droht b7 und aus.} Ra3+ 61. Kb8 {Droht stark Kc7.} Ra2 $2 {[%mdl 8192]} (61... Kd8 $11) 62. Kc7 {Precision: Weiß = 62%, Schwarz = 43%.} 1-0

[Event "GER-chT Youth Countries 2018"]
[Site "Wurzburg"]
[Date "2018.10.03"]
[Round "2"]
[White "Roseneck, Jonas"]
[Black "Svane, Frederik"]
[Result "0-1"]
[WhiteElo "2262"]
[BlackElo "2287"]
[Annotator "TA"]
[PlyCount "106"]
[EventDate "2018.10.02"]
[EventType "team-tourn"]
[EventCountry "GER"]
[SourceTitle "playchess.com"]
[Source "ChessBase"]
[SourceQuality "1"]

{[%evp 27,106,42,48,31,26,21,0,5,23,7,4,18,17,-24,-41,-38,-39,-45,-47,-39,-47,-45,-46,-61,-51,-64,-64,-98,-100,-89,-56,-103,-83,-152,-139,-146,-141,-144,-47,-62,-54,-129,-36,-100,-29,-60,-75,-159,-193,-193,-200,-192,-173,-250,-203,-427,-427,-427,-427,-420,-412,-354,-218,-218,-202,-418,-977,-331,-940,-774,-331,-1532,-1438,-1291,-1008,-12850,-6444,-29944,-29945,-5639,-3581]} 1. e4 c5 2. Nf3 e6 3. d4 cxd4 4. Nxd4 a6 5. Bd3 Nf6 6. O-O Qc7 7. Qe2 d6 8. c4 g6 9. Nc3 Bg7 10. Nf3 Nc6 {[%cal Bb8c6,Bc6e5,Be5c4][%mdl 32]} 11. Rd1 O-O 12. h3 Nd7 13. Be3 {B42: Sicilian: Kan Variation: 5 Bd3} Bxc3 (13... Nde5 14. Rac1 Qe7 15. Bb1 Bd7 16. Nh2 f5 17. f4 Nf7 18. Qd2 Be8 19. Nf3 Rd8 20. exf5 gxf5 {1-0 (44) Nakamura,H (2787)-Shabalov,A (2528) Saint Louis 2016 CBM 172 [Besenthal,K]}) 14. bxc3 f6 {LiveBook: 11 Games} 15. Nh2 {White is slightly better.} Nce5 $146 ({Predecessor:} 15... e5 16. Nf1 Nc5 17. Bh6 Rf7 18. Ne3 Be6 19. Bc2 Kh8 20. Rd2 Ne7 {1-0 (29) Womacka,M (2450)-Balla,T (2352) Arad 2018}) 16. Bc2 Qxc4 17. Qd2 {White wants to play Bb3.} Qc7 18. Qxd6 Qxd6 19. Rxd6 Nc4 20. Rd3 Nde5 21. Bc5 Nxd3 22. Bxf8 Kxf8 23. Bxd3 Ne5 $36 {[%mdl 2048] Black fights for an advantage.} 24. Be2 Bd7 25. f4 Nf7 26. Kf2 Rc8 27. Ng4 Ke7 28. Rd1 {and if Nxf6 works, White does fine.} f5 29. exf5 gxf5 30. Ne3 (30. Nf6 $142 Ba4 31. Rd4) 30... Rxc3 $17 31. g4 {intending gxf5.} Nd6 {aiming for ...Ne4+.} 32. Bd3 Ne4+ (32... Ra3 $17 33. Bb1 b5) 33. Bxe4 $1 $15 fxe4 {[%mdl 4096] Endgame KRB-KRN} 34. Rd2 (34. Rd5 $15) 34... Bc6 (34... Ra3 $17 35. h4 b5) 35. h4 (35. g5 $15) 35... Rc1 (35... Ra3 $17 36. Rb2 Kf6) 36. h5 a5 37. Rc2 ({White should try} 37. Kg2) 37... Rxc2+ $17 38. Nxc2 {KB-KN} Bd5 39. a3 Bb3 $1 {[%cal Rb3c2]} 40. Ne3 (40. Nd4 {keeps fighting.} Bd1 41. g5) 40... b5 $1 $19 {White must now prevent ...a4.} 41. Ke1 $2 {[#]} (41. g5) 41... e5 $1 {[%mdl 512]} 42. fxe5 Ke6 43. g5 Kxe5 44. g6 hxg6 45. hxg6 Kf6 46. Kd2 $2 (46. g7) 46... Kxg6 (46... b4 $142 47. Ng4+ Kg7 48. axb4 axb4) 47. Kc3 {[#]} Ba2 $1 48. Kd4 Bb1 49. Nf1 $2 (49. Nd1 Kf5 50. Nc3) 49... Kf5 50. Nd2 Bc2 51. a4 b4 52. Ke3 Ke5 53. Nc4+ Kd5 {Precision: White = 20%, Black = 72%.} 0-1

[Event "GER-chT Youth Countries 2018"]
[Site "Wurzburg"]
[Date "2018.10.03"]
[Round "2"]
[White "Karsay, Pascal"]
[Black "Neukirchner, Pascal"]
[Result "1/2-1/2"]
[WhiteElo "2261"]
[BlackElo "2294"]
[Annotator "NA"]
[PlyCount "40"]
[EventDate "2018.10.02"]
[EventType "team-tourn"]
[EventCountry "GER"]
[SourceTitle "playchess.com"]
[Source "ChessBase"]
[SourceQuality "1"]
[TimeControl "40/5400+30:1800+30"]

1. Nf3 {[%emt 0:00:11]} c5 {[%emt 0:00:00]} 2. g3 {[%emt 0:00:23]} d5 {[%emt 0:00:00]} 3. Bg2 {[%emt 0:00:09]} Nc6 {[%emt 0:00:00]} 4. d4 {[%emt 0:00:19]} Nf6 {[%emt 0:00:54]} 5. O-O {[%emt 0:01:42]} cxd4 {[%emt 0:01:23]} 6. Nxd4 {[%emt 0:00:12]} e5 {[%emt 0:00:06]} 7. Nxc6 {[%emt 0:00:17]} bxc6 {[%emt 0:00:04]} 8. c4 {[%emt 0:00:09]} Be6 {[%emt 0:00:26]} 9. Nc3 {[%emt 0:01:49]} Rc8 {[%emt 0:00:10]} 10. cxd5 {[%emt 0:00:39]} cxd5 {[%emt 0:00:05]} 11. Qa4+ {[%emt 0:00:08]} Qd7 {[%emt 0:00:05]} 12. Qxd7+ {[%emt 0:00:46]} Kxd7 {[%emt 0:00:05]} 13. Rd1 {[%emt 0:06:25]} Bc5 {[%emt 0:00:06]} 14. Na4 {[%emt 0:20:20]} h6 {[%emt 0:08:36]} 15. Nxc5+ {[%emt 0:09:47]} Rxc5 {[%emt 0:00:02]} 16. Bd2 {[%emt 0:03:05]} Bf5 {[%emt 0:12:40]} 17. Rac1 {[%emt 0:07:41]} Rhc8 {[%emt 0:00:17]} 18. Rxc5 {[%emt 0:04:59]} Rxc5 {[%emt 0:00:01]} 19. Bc3 {[%emt 0:00:09]} Ke6 {[%emt 0:00:31]} 20. e3 {[%emt 0:02:05]} Ne4 {[%emt 0:02:10]} 1/2-1/2

[Event "GER-chT Youth Countries 2018"]
[Site "Wurzburg"]
[Date "2018.10.03"]
[Round "2"]
[White "Degenhard, Simon"]
[Black "Niermann, Tristan"]
[Result "1/2-1/2"]
[WhiteElo "2235"]
[BlackElo "2315"]
[Annotator "NA"]
[PlyCount "45"]
[EventDate "2018.10.02"]
[EventType "team-tourn"]
[EventCountry "GER"]
[SourceTitle "playchess.com"]
[Source "ChessBase"]
[SourceQuality "1"]
[TimeControl "40/5400+30:1800+30"]

1. d4 {[%emt 0:00:00]} d5 {[%emt 0:00:00]} 2. c4 {[%emt 0:00:00]} c6 {[%emt 0:00:00]} 3. e3 {[%emt 0:00:00]} Nf6 {[%emt 0:00:00]} 4. Nf3 {[%emt 0:00:00]} Bf5 {[%emt 0:00:00]} 5. Nc3 {[%emt 0:00:00]} e6 {[%emt 0:00:00]} 6. Qb3 {[%emt 0:00:00]} Qb6 {[%emt 0:02:41]} 7. c5 {[%emt 0:00:07]} Qc7 {[%emt 0:00:21]} 8. Nh4 {[%emt 0:00:09]} Be4 {[%emt 0:00:51]} 9. Nxe4 {[%emt 0:07:26]} Nxe4 {[%emt 0:02:42]} 10. Qc2 {[%emt 0:03:03]} Nd7 {[%emt 0:12:15]} 11. Bd3 {[%emt 0:02:21]} f5 {[%emt 0:01:46]} 12. Nf3 {[%emt 0:04:18]} Be7 {[%emt 0:01:22]} 13. O-O {[%emt 0:01:33]} O-O {[%emt 0:01:42]} 14. Nd2 {[%emt 0:04:51]} Rf6 {[%emt 0:07:28]} 15. Nxe4 {[%emt 0:09:16]} fxe4 {[%emt 0:00:15]} 16. Be2 {[%emt 0:00:07]} Raf8 {[%emt 0:12:14]} 17. f3 {[%emt 0:03:44]} exf3 {[%emt 0:10:28]} 18. Rxf3 {[%emt 0:03:44]} e5 {[%emt 0:03:12]} 19. Bd2 {[%emt 0:02:09]} Rxf3 {[%emt 0:07:54]} 20. Bxf3 {[%emt 0:00:33]} Bg5 {[%emt 0:01:49]} 21. e4 {[%emt 0:05:52]} Bxd2 {[%emt 0:02:34]} 22. Qxd2 {[%emt 0:00:52]} dxe4 {[%emt 0:01:03]} 23. Bxe4 {[%emt 0:01:33]} 1/2-1/2

[Event "GER-chT Youth Countries 2018"]
[Site "Wurzburg"]
[Date "2018.10.03"]
[Round "2"]
[White "Kuznecovs, Nikita"]
[Black "Schmekel, Florian"]
[Result "0-1"]
[WhiteElo "2226"]
[BlackElo "2106"]
[Annotator "NA"]
[PlyCount "52"]
[EventDate "2018.10.02"]
[EventType "team-tourn"]
[EventCountry "GER"]
[SourceTitle "playchess.com"]
[Source "ChessBase"]
[SourceQuality "1"]
[TimeControl "40/5400+30:1800+30"]

1. d4 {[%emt 0:00:00]} Nf6 {[%emt 0:00:00]} 2. Nf3 {[%emt 0:00:00]} e6 {[%emt 0:00:00]} 3. e3 {[%emt 0:00:03]} b6 {[%emt 0:00:10]} 4. Bd3 {[%emt 0:00:07]} Bb7 {[%emt 0:00:08]} 5. Nbd2 {[%emt 0:00:10]} d5 {[%emt 0:00:23]} 6. O-O {[%emt 0:00:16]} Be7 {[%emt 0:01:03]} 7. b3 {[%emt 0:00:12]} Nbd7 {[%emt 0:01:40]} 8. Bb2 {[%emt 0:00:15]} O-O {[%emt 0:02:49]} 9. Ne5 {[%emt 0:14:39]} Ne4 {[%emt 0:12:15]} 10. f4 {[%emt 0:18:33]} f5 {[%emt 0:02:12]} 11. Bxe4 {[%emt 0:20:18]} dxe4 {[%emt 0:02:52]} 12. Nxd7 {[%emt 0:04:12]} Qxd7 {[%emt 0:00:15]} 13. g4 {[%emt 0:01:13]} c5 {[%emt 0:07:22]} 14. g5 {[%emt 0:05:53]} Ba6 {[%emt 0:04:03]} 15. Re1 {[%emt 0:13:32]} Rad8 {[%emt 0:07:44]} 16. c4 {[%emt 0:08:47]} b5 {[%emt 0:07:17]} 17. cxb5 {[%emt 0:06:16]} Bxb5 {[%emt 0:00:51]} 18. h4 {[%emt 0:00:52]} cxd4 {[%emt 0:03:51]} 19. Bxd4 {[%emt 0:00:07]} Bb4 {[%emt 0:00:11]} 20. Qc2 {[%emt 0:03:50]} e5 {[%emt 0:06:15]} 21. fxe5 {[%emt 0:00:15]} Bd3 {[%emt 0:00:05]} 22. Qd1 {[%emt 0:00:53]} f4 {[%emt 0:00:30]} 23. Nf1 {[%emt 0:00:35]} Bxe1 {[%emt 0:00:40]} 24. Qxe1 {[%emt 0:00:14]} Qg4+ {[%emt 0:00:20]} 25. Kh1 {[%emt 0:00:37]} Bxf1 {[%emt 0:08:54]} 26. Qxf1 {[%emt 0:00:35]} fxe3 {[%emt 0:00:17]} 0-1

[Event "GER-chT Youth Countries 2018"]
[Site "Wurzburg"]
[Date "2018.10.03"]
[Round "2"]
[White "Wong, Gengchun"]
[Black "Doll, Alexander"]
[Result "1/2-1/2"]
[WhiteElo "2194"]
[BlackElo "2153"]
[Annotator "NA"]
[PlyCount "41"]
[EventDate "2018.10.02"]
[EventType "team-tourn"]
[EventCountry "GER"]
[SourceTitle "playchess.com"]
[Source "ChessBase"]
[SourceQuality "1"]
[TimeControl "40/5400+30:1800+30"]

1. e4 {[%emt 0:00:00]} e5 {[%emt 0:00:00]} 2. Nf3 {[%emt 0:00:00]} Nc6 {[%emt 0:00:00]} 3. Bb5 {[%emt 0:00:00]} a6 {[%emt 0:00:00]} 4. Bxc6 {[%emt 0:00:00]} dxc6 {[%emt 0:00:00]} 5. O-O {[%emt 0:00:00]} Bg4 {[%emt 0:00:00]} 6. h3 {[%emt 0:00:00]} h5 {[%emt 0:00:00]} 7. d3 {[%emt 0:00:04]} Qf6 {[%emt 0:00:06]} 8. Nbd2 {[%emt 0:00:07]} g5 {[%emt 0:00:03]} 9. b3 {[%emt 0:02:54]} Bd6 {[%emt 0:08:53]} 10. d4 {[%emt 0:09:43]} O-O-O {[%emt 0:08:06]} 11. Bb2 {[%emt 0:08:02]} exd4 {[%emt 0:06:52]} 12. hxg4 {[%emt 0:27:50]} hxg4 {[%emt 0:03:26]} 13. Bxd4 {[%emt 0:01:18]} Qxd4 {[%emt 0:00:45]} 14. Nxd4 {[%emt 0:00:05]} Bh2+ {[%emt 0:00:07]} 15. Kh1 {[%emt 0:00:02]} Bf4+ {[%emt 0:00:44]} 16. Kg1 {[%emt 0:00:03]} Bh2+ {[%emt 0:00:06]} 17. Kh1 {[%emt 0:00:02]} Be5+ {[%emt 0:00:06]} 18. Kg1 {[%emt 0:00:03]} Bh2+ 19. Kh1 Bf4+ {[%emt 0:00:16]} 20. Kg1 {[%emt 0:00:03]} Bh2+ {[%emt 0:00:06]} 21. Kh1 {[%emt 0:00:03]} 1/2-1/2

[Event "GER-chT Youth Countries 2018"]
[Site "Wurzburg"]
[Date "2018.10.03"]
[Round "2"]
[White "Kopylov, Daniel"]
[Black "Hartge, Gedeon"]
[Result "1-0"]
[WhiteElo "2192"]
[BlackElo "2214"]
[Annotator "NA"]
[PlyCount "49"]
[EventDate "2018.10.02"]
[EventType "team-tourn"]
[EventCountry "GER"]
[SourceTitle "playchess.com"]
[Source "ChessBase"]
[SourceQuality "1"]
[TimeControl "40/5400+30:1800+30"]

1. e4 {[%emt 0:00:00]} c5 {[%emt 0:00:00]} 2. Nf3 {[%emt 0:00:00]} e6 {[%emt 0:00:00]} 3. g3 {[%emt 0:00:14]} Nc6 {[%emt 0:00:00]} 4. Bg2 {[%emt 0:00:12]} Nf6 {[%emt 0:00:00]} 5. d3 {[%emt 0:00:32]} d5 {[%emt 0:00:27]} 6. Nbd2 {[%emt 0:00:32]} Be7 {[%emt 0:01:45]} 7. O-O {[%emt 0:00:18]} O-O {[%emt 0:02:46]} 8. e5 {[%emt 0:01:18]} Nd7 {[%emt 0:02:14]} 9. Re1 {[%emt 0:00:30]} Qc7 {[%emt 0:05:12]} 10. Qe2 {[%emt 0:00:43]} b5 {[%emt 0:04:21]} 11. Nf1 {[%emt 0:03:34]} Bb7 {[%emt 0:10:14]} 12. c3 {[%emt 0:03:18]} b4 {[%emt 0:05:56]} 13. Bf4 {[%emt 0:05:05]} bxc3 {[%emt 0:10:49]} 14. bxc3 {[%emt 0:00:08]} Ba6 {[%emt 0:00:13]} 15. Ne3 {[%emt 0:04:31]} Qa5 {[%emt 0:03:09]} 16. Rac1 {[%emt 0:02:56]} Nb6 {[%emt 0:10:22]} 17. Nd2 {[%emt 0:03:10]} Rac8 {[%emt 0:06:55]} 18. h4 {[%emt 0:12:49]} Na4 {[%emt 0:09:20]} 19. c4 {[%emt 0:09:18]} Nc3 {[%emt 0:09:05]} 20. Qh5 {[%emt 0:06:24]} d4 {[%emt 0:09:41]} 21. Ng4 {[%emt 0:02:38]} Qd8 {[%emt 0:02:12]} 22. Bg5 {[%emt 0:04:26]} Bxg5 {[%emt 0:04:31]} 23. hxg5 {[%emt 0:00:17]} Ne7 {[%emt 0:00:51]} 24. Rxc3 {[%emt 0:02:03]} dxc3 {[%emt 0:00:58]} 25. Ne4 {[%emt 0:00:22]} 1-0

[Event "GER-chT Youth Countries 2018"]
[Site "Wurzburg"]
[Date "2018.10.03"]
[Round "2"]
[White "Schneider, Jana"]
[Black "Ewert, Hannes"]
[Result "0-1"]
[WhiteElo "2190"]
[BlackElo "2314"]
[Annotator "NA"]
[PlyCount "78"]
[EventDate "2018.10.02"]
[EventType "team-tourn"]
[EventCountry "GER"]
[SourceTitle "playchess.com"]
[Source "ChessBase"]
[SourceQuality "1"]
[TimeControl "40/5400+30:1800+30"]

1. e4 {[%emt 0:00:00]} e5 {[%emt 0:00:00]} 2. Nf3 {[%emt 0:00:00]} Nc6 {[%emt 0:00:02]} 3. Bc4 {[%emt 0:00:00]} Bc5 {[%emt 0:00:22]} 4. O-O {[%emt 0:01:25]} Nf6 {[%emt 0:00:13]} 5. d3 {[%emt 0:00:11]} O-O {[%emt 0:00:52]} 6. a4 {[%emt 0:00:59]} d6 {[%emt 0:01:34]} 7. c3 {[%emt 0:00:31]} a5 {[%emt 0:00:11]} 8. Bg5 {[%emt 0:01:09]} h6 {[%emt 0:03:04]} 9. Bh4 {[%emt 0:00:17]} Be6 {[%emt 0:07:20]} 10. Bxe6 {[%emt 0:03:19]} fxe6 {[%emt 0:00:05]} 11. d4 {[%emt 0:00:14]} exd4 {[%emt 0:03:14]} 12. cxd4 {[%emt 0:00:08]} Bb6 {[%emt 0:02:23]} 13. Nc3 {[%emt 0:15:53]} Qe8 {[%emt 0:04:34]} 14. d5 {[%emt 0:02:26]} Nb4 {[%emt 0:01:23]} 15. Bxf6 {[%emt 0:19:13]} Rxf6 {[%emt 0:00:19]} 16. Rc1 {[%emt 0:07:46]} e5 {[%emt 0:06:01]} 17. Nh4 {[%emt 0:03:29]} Qf8 {[%emt 0:03:01]} 18. Qd2 {[%emt 0:08:45]} Rxf2 {[%emt 0:02:01]} 19. Rxf2 {[%emt 0:00:54]} Qxf2+ {[%emt 0:00:05]} 20. Qxf2 {[%emt 0:00:08]} Bxf2+ {[%emt 0:00:04]} 21. Kxf2 {[%emt 0:00:54]} Nd3+ {[%emt 0:00:04]} 22. Ke3 {[%emt 0:01:07]} Nxc1 {[%emt 0:00:05]} 23. Nf5 {[%emt 0:00:42]} Rd8 {[%emt 0:01:52]} 24. Kd2 {[%emt 0:01:41]} Nb3+ {[%emt 0:00:06]} 25. Kd3 {[%emt 0:00:08]} h5 {[%emt 0:08:26]} 26. Kc4 {[%emt 0:01:09]} Nc5 {[%emt 0:01:42]} 27. Kb5 {[%emt 0:01:33]} Ra8 {[%emt 0:03:06]} 28. Ne3 {[%emt 0:01:37]} Ra6 {[%emt 0:03:26]} 29. Kc4 {[%emt 0:00:42]} Rb6 {[%emt 0:01:26]} 30. Nb5 {[%emt 0:00:53]} Nxe4 {[%emt 0:01:02]} 31. Nxc7 {[%emt 0:01:33]} Rxb2 {[%emt 0:00:30]} 32. Nb5 {[%emt 0:00:30]} Rb4+ {[%emt 0:00:46]} 33. Kd3 {[%emt 0:00:06]} Rxa4 {[%emt 0:00:57]} 34. Nf5 {[%emt 0:01:33]} Rb4 {[%emt 0:02:22]} 35. Nbxd6 {[%emt 0:00:51]} Nxd6 {[%emt 0:00:05]} 36. Nxd6 {[%emt 0:00:06]} Rd4+ {[%emt 0:00:04]} 37. Kc3 {[%emt 0:00:22]} Rxd5 {[%emt 0:00:07]} 38. Nxb7 {[%emt 0:00:21]} e4 {[%emt 0:00:05]} 39. Kc4 {[%emt 0:00:28]} e3 {[%emt 0:00:19]} 0-1

[Event "GER-chT Youth Countries 2018"]
[Site "Wurzburg"]
[Date "2018.10.03"]
[Round "2"]
[White "Goldbeck, Lars"]
[Black "Knuedel, Torben"]
[Result "0-1"]
[WhiteElo "2184"]
[BlackElo "2135"]
[Annotator "TA"]
[PlyCount "120"]
[EventDate "2018.10.02"]
[EventType "team-tourn"]
[EventCountry "GER"]
[SourceTitle "playchess.com"]
[Source "ChessBase"]
[SourceQuality "1"]

{[%evp 13,120,0,21,-23,5,0,15,12,20,-13,0,0,0,-31,-23,-39,-37,-40,-35,-57,-26,-36,0,0,0,-42,-42,-42,-42,-62,-62,-62,-62,-68,-68,-67,-66,-69,-55,-69,-63,-92,-45,-90,-62,-62,-61,-59,-57,-187,-198,-192,-155,-155,-155,-155,-150,-141,-132,-133,-128,-126,-123,-108,-118,-126,-109,-114,-114,-114,-114,-292,-285,-285,-285,-266,-247,-502,-458,-910,-633,-1231,-1207,-1097,-1057,-1020,-1020,-926,-788,-635,-632,-5718,-6593,-11537,-4122,-12820,-11582,-6303,-3190,-12827,-12346,-12826,-10681,-2286,-1558,-12843,-12843,-12845,-12845]} 1. d4 Nf6 2. Bf4 d5 3. e3 c5 4. c3 Nc6 5. Nd2 Bf5 6. Ngf3 e6 7. Be2 {D00: 1 d4 d5: Unusual lines} (7. Nh4 Be4 8. Qb3 Qc8 9. Nhf3 Bf5 10. Be2 Be7 11. O-O O-O 12. h3 h6 13. Rfe1 c4 14. Qd1 b5 {1-0 (66) Grachev,B (2626)-Najer,E (2663) Moscow 2018}) 7... h6 {LiveBook: 6 Games} 8. Ne5 Nxe5 9. Bxe5 $146 {The position is equal.} ({Predecessor:} 9. dxe5 Nd7 10. O-O Be7 11. Re1 O-O 12. Bf3 Nb6 13. a4 a5 14. Qe2 Bg6 {1-0 (42) Maisuradze,N (2256)-Chirivi Castiblanco,J (2209) Baku 2016}) 9... a6 10. Bxf6 gxf6 11. Nf1 Bd6 12. Ng3 Bg6 13. f4 cxd4 14. cxd4 Qa5+ 15. Kf2 Rc8 16. Qb3 b5 17. Rhc1 O-O 18. Qd1 Qb4 19. Qb3 Qd2 20. Rd1 $1 {[%cal Rd1d2]} Qc2 21. Nf1 Rc6 22. Qxc2 Rxc2 23. Rd2 Rfc8 24. Bd1 R2c7 {And now ...Bb4 would win.} 25. a3 a5 26. Ng3 b4 $36 {[%mdl 2048] White is under pressure.} 27. Ne2 Be4 28. Ng3 bxa3 29. Nxe4 dxe4 30. bxa3 Rc3 {aiming for ...Bxf4!} 31. a4 {[#]} (31. Rda2 $15) 31... Bxf4 $1 $19 {[%mdl 512]} 32. Re2 (32. exf4 e3+) 32... Bd6 ({But not} 32... Bxh2 33. g3 $11) 33. g3 Kf8 34. Raa2 Ke7 35. Rec2 Bb4 36. Rxc3 Rxc3 $17 {[%mdl 4096] Endgame KRB-KRB} 37. Rc2 Ra3 38. Rc7+ Kd6 39. Rc2 Rxa4 {...Ra1 is the strong threat.} 40. Rc6+ Kxc6 41. Bxa4+ {KB-KB} Kd6 42. g4 $2 (42. Ke2 $17 {might work better.}) 42... Bd2 $19 43. Ke2 {[#]} Bc1 $1 44. Bb3 Ke7 45. d5 $2 (45. h3) 45... Kd6 {Black is clearly winning.} 46. dxe6 (46. h3 $142 exd5 47. Ba4) 46... fxe6 {[%cal Bf7e6,Be6e5][%mdl 32]} 47. h3 e5 48. Bc2 Kd5 49. Bb3+ Kc5 50. Bc2 Kb4 51. Bxe4 a4 {[%cal Ba5a4,Ba4a3][%mdl 32]} 52. Kd1 Bxe3 53. Kc2 Kc4 54. Bg6 Bc5 55. Bf7+ Kd4 56. Kd2 a3 57. Be6 Bb4+ 58. Kc2 Ke3 59. Kd1 Kf2 60. Bd5 {[#]} e4 $1 {Precision: White = 28%, Black = 78%.} 0-1

[Event "GER-chT Youth Countries 2018"]
[Site "Wurzburg"]
[Date "2018.10.03"]
[Round "2"]
[White "Browning, Alex"]
[Black "Walter, Kevin"]
[Result "1/2-1/2"]
[WhiteElo "2148"]
[BlackElo "2196"]
[Annotator "NA"]
[PlyCount "33"]
[EventDate "2018.10.02"]
[EventType "team-tourn"]
[EventCountry "GER"]
[SourceTitle "playchess.com"]
[Source "ChessBase"]
[SourceQuality "1"]
[TimeControl "40/5400+30:1800+30"]

1. e4 {[%emt 0:00:00]} c5 {[%emt 0:00:26]} 2. Nf3 {[%emt 0:00:00]} e6 {[%emt 0:00:26]} 3. c3 {[%emt 0:00:00]} Nf6 {[%emt 0:00:23]} 4. e5 {[%emt 0:00:06]} Nd5 {[%emt 0:00:07]} 5. d4 {[%emt 0:00:05]} cxd4 {[%emt 0:00:36]} 6. cxd4 {[%emt 0:00:14]} d6 {[%emt 0:00:36]} 7. a3 {[%emt 0:00:13]} Nc6 {[%emt 0:01:30]} 8. Bd3 {[%emt 0:00:08]} Be7 {[%emt 0:05:12]} 9. O-O {[%emt 0:00:33]} O-O {[%emt 0:01:52]} 10. Qc2 {[%emt 0:01:34]} g6 {[%emt 0:02:28]} 11. Qe2 {[%emt 0:03:11]} Qb6 {[%emt 0:07:29]} 12. Qe4 {[%emt 0:19:56]} f5 {[%emt 0:21:57]} 13. exf6 {[%emt 0:00:41]} Nxf6 {[%emt 0:00:30]} 14. Qh4 {[%emt 0:06:34]} Nh5 {[%emt 0:08:28]} 15. Qe4 {[%emt 0:06:32]} Nf6 {[%emt 0:08:30]} 16. Qh4 {[%emt 0:00:23]} Nh5 {[%emt 0:00:13]} 17. Qe4 {[%emt 0:00:46]} 1/2-1/2